01149nam a2200193Ia 4500001001000000003001000010008004100020040002500061041001200086100002500098245004000123250001100163260008900174300002800263500026000291501011400551520026000665650003000925L220-4453IT-CnALBA170116s9999||||xx |||||||||||||| ||und|| aIT-CnALBAcIT-CnALBA aLATINO  aPESCH CRISTIANO, SJ. 0aDE INSPIRATIONE SACRAE SCRIPTURAE.  a1a ed. aFRIBURGO, WIENbHERDER & C. ED. PONTc1906 [1° Ed.:1906 - Ed.Ling.Originale: 1906] a638 p. (prefazione: 17) aSTORIA DELLA ISPIRAZIONE BIBLICA. PRESSO I GIUDEI. PRESSO E CRISTIANI ANTICHI. CONCEZIONE INTERMEDIA TRA I PADRI E LA SCOLASTICA. PRIMA DEL CONCILIO DI TRENTO. DOTTINA DEI PROTESTANTI. DOPO IL CONCILIO TRIDENTINO. DOPO IL VATICANO I. PARTE DOGMATICA. ESIS aSocietà San Paolo EM - Piazza San Paolo, 14 - 12051 ALBA (CN) (non commercial uses only) ® Copyright 2017 aSTORIA DELLA ISPIRAZIONE BIBLICA. PRESSO I GIUDEI. PRESSO E CRISTIANI ANTICHI. CONCEZIONE INTERMEDIA TRA I PADRI E LA SCOLASTICA. PRIMA DEL CONCILIO DI TRENTO. DOTTINA DEI PROTESTANTI. DOPO IL CONCILIO TRIDENTINO. DOPO IL VATICANO I. PARTE DOGMATICA. ESIS aBIBBIA - TESTI E COMMENTI